Ultimate Performance Analysis Tool (uPATO) Implementation of Network Measures Based on Adjacency Matrices for Team Sports /

This book introduces the ultimate performance analysis tool (uPATO) as a new software to compute social network metrics in the scope of team sports analysis. The reader will identify the algorithms to test the general properties of the team, the co-dependencies and the centrality levels of players,...

Πλήρης περιγραφή

Λεπτομέρειες βιβλιογραφικής εγγραφής
Κύριοι συγγραφείς: Silva, Frutuoso G. M. (Συγγραφέας, http://id.loc.gov/vocabulary/relators/aut), Nguyen, Quoc Trong (http://id.loc.gov/vocabulary/relators/aut), Correia, Acácio F.P.P (http://id.loc.gov/vocabulary/relators/aut), Clemente, Filipe Manuel (http://id.loc.gov/vocabulary/relators/aut), Martins, Fernando Manuel Lourenço (http://id.loc.gov/vocabulary/relators/aut)
Συγγραφή απο Οργανισμό/Αρχή: SpringerLink (Online service)
Μορφή: Ηλεκτρονική πηγή Ηλ. βιβλίο
Γλώσσα:English
Έκδοση: Cham : Springer International Publishing : Imprint: Springer, 2019.
Έκδοση:1st ed. 2019.
Σειρά:SpringerBriefs in Applied Sciences and Technology,
Θέματα:
Διαθέσιμο Online:Full Text via HEAL-Link
LEADER 03234nam a2200517 4500
001 978-3-319-99753-7
003 DE-He213
005 20191029012017.0
007 cr nn 008mamaa
008 180830s2019 gw | s |||| 0|eng d
020 |a 9783319997537  |9 978-3-319-99753-7 
024 7 |a 10.1007/978-3-319-99753-7  |2 doi 
040 |d GrThAP 
050 4 |a Q342 
072 7 |a UYQ  |2 bicssc 
072 7 |a TEC009000  |2 bisacsh 
072 7 |a UYQ  |2 thema 
082 0 4 |a 006.3  |2 23 
100 1 |a Silva, Frutuoso G. M.  |e author.  |4 aut  |4 http://id.loc.gov/vocabulary/relators/aut 
245 1 0 |a Ultimate Performance Analysis Tool (uPATO)  |h [electronic resource] :  |b Implementation of Network Measures Based on Adjacency Matrices for Team Sports /  |c by Frutuoso G. M. Silva, Quoc Trong Nguyen, Acácio F.P.P. Correia, Filipe Manuel Clemente, Fernando Manuel Lourenço Martins. 
250 |a 1st ed. 2019. 
264 1 |a Cham :  |b Springer International Publishing :  |b Imprint: Springer,  |c 2019. 
300 |a XI, 76 p. 31 illus., 28 illus. in color.  |b online resource. 
336 |a text  |b txt  |2 rdacontent 
337 |a computer  |b c  |2 rdamedia 
338 |a online resource  |b cr  |2 rdacarrier 
347 |a text file  |b PDF  |2 rda 
490 1 |a SpringerBriefs in Applied Sciences and Technology,  |x 2191-530X 
505 0 |a Network Analysis Tools -- uPATO Tool: Overview -- uPATO: Individual metrics -- uPATO: Collective metrics -- uPATO: A Case Study. 
520 |a This book introduces the ultimate performance analysis tool (uPATO) as a new software to compute social network metrics in the scope of team sports analysis. The reader will identify the algorithms to test the general properties of the team, the co-dependencies and the centrality levels of players, i.e. to evaluate the individual, sub-group, and team performance analysis. As uPATO tool implements the metrics for all options, namely for unweighted graphs, weighted graphs, unweighted digraphs and weighted digraphs, it is also useful for network analysis into other areas beyond team sports. The book assists the reader to compute the metrics and to use it in different scenarios. 
650 0 |a Computational intelligence. 
650 0 |a Sports sciences. 
650 1 4 |a Computational Intelligence.  |0 http://scigraph.springernature.com/things/product-market-codes/T11014 
650 2 4 |a Sport Science .  |0 http://scigraph.springernature.com/things/product-market-codes/L29010 
700 1 |a Nguyen, Quoc Trong.  |e author.  |4 aut  |4 http://id.loc.gov/vocabulary/relators/aut 
700 1 |a Correia, Acácio F.P.P.  |e author.  |4 aut  |4 http://id.loc.gov/vocabulary/relators/aut 
700 1 |a Clemente, Filipe Manuel.  |e author.  |4 aut  |4 http://id.loc.gov/vocabulary/relators/aut 
700 1 |a Martins, Fernando Manuel Lourenço.  |e author.  |4 aut  |4 http://id.loc.gov/vocabulary/relators/aut 
710 2 |a SpringerLink (Online service) 
773 0 |t Springer eBooks 
776 0 8 |i Printed edition:  |z 9783319997520 
776 0 8 |i Printed edition:  |z 9783319997544 
830 0 |a SpringerBriefs in Applied Sciences and Technology,  |x 2191-530X 
856 4 0 |u https://doi.org/10.1007/978-3-319-99753-7  |z Full Text via HEAL-Link 
912 |a ZDB-2-INR 
950 |a Intelligent Technologies and Robotics (Springer-42732)